[Event "Zupanja op-B 2nd"]
[Site "Zupanja"]
[Date "2008.01.07"]
[Round "7"]
[White "Martinovic, Ferdo"]
[Black "Krso, Enver"]
[Result "1-0"]
[WhiteElo "1998"]
[BlackElo "1802"]
[PlyCount "85"]
[EventDate "2008.01.03"]
[EventType "swiss"]
[EventRounds "9"]
[EventCountry "CRO"]
[SourceTitle "CBM 122 Extra"]
[Source "ChessBase"]
[SourceDate "2008.03.04"]
[SourceVersion "1"]
[SourceVersionDate "2008.03.04"]
[SourceQuality "1"]

1. d4 e6 2. e3 d5 3. Bd3 Nf6 4. Nd2 c5 5. c3 c4 6. Bc2 b5 7. f4 Be7 8. Ngf3 Bb7 9. 0-0 Ne4 10. Nxe4 dxe4 11. Ne5 Nd7 12. Qg4 Bf6 13. Qh5 0-0 14. Qe2 Bxe5 15. fxe5 f6 16. exf6 Rxf6 17. Bd2 e5 18. Rxf6 Qxf6 19. Rf1 Qe6 20. Be1 a6 21. Bg3 Rf8 22. Rxf8+ Kxf8 23. Qh5 exd4 24. exd4 Bd5 25. Qxh7 e3 26. Qf5+ Qxf5 27. Bxf5 Nf6 28. Bc8 a5 29. Ba6 b4 30. cxb4 axb4 31. Bd6+ Kf7 32. Bxb4 Ne4 33. Kf1 Nf6 34. a4 Nd7 35. g3 Nb6 36. Bb5 Bf3 37. a5 Nd5 38. Bxc4 Kf6 39. Bxd5 Bxd5 40. Ke2 g5 41. Kxe3 g4 42. Kf4 Bf3 43. h3 1-0